تحميل...

Language

التفاصيل البيبلوغرافية
المؤلف الرئيسي: Bloomfield, Leonard
التنسيق: Printed Book
منشور في: Delhi Motilal Banarsidas Publishers 1935
الموضوعات:
LEADER 00389nam a22001217a 4500
082 |a 410  |b BLO.L 
100 |a Bloomfield, Leonard  
245 |a Language 
260 |a Delhi  |b Motilal Banarsidas Publishers   |c 1935 
650 |a Linguistics 
942 |c BK 
999 |c 12850  |d 12850 
952 |0 0  |1 0  |4 0  |6 410_000000000000000_BLO_L  |7 0  |9 15005  |a CAMPUS  |b CAMPUS  |d 2017-07-26  |l 0  |o 410 BLO.L  |p 06266  |r 2017-07-26  |w 2017-07-26  |y BK